000 00720cam a2200229 4500500
005 20260405001559.0
041 _afre
042 _adc
100 1 0 _aLegros, Martin
_eauthor
245 0 0 _aPierre Cassou-Noguès : « C’est une addiction aussi insidieuse que celle à la cigarette »
260 _c2013.
500 _a53
690 _aAddiction
690 _aEnnui
690 _aGéolocalisation
690 _aPierre Cassou-Noguès
690 _aPrésence
690 _aSmartphone
690 _aTemps
786 0 _nPhilosophie magazine | 73 | 10 | 2013-10-01 | p. 34-34 | 1951-1787
856 4 1 _uhttps://shs.cairn.info/magazine-philosophie-magazine-2013-10-page-34?lang=fr&redirect-ssocas=7080
999 _c2048990
_d2048990